A handbook of engineering graphics / (Record no. 183047)
[ view plain ]
| 000 -LEADER | |
|---|---|
| fixed length control field | 00974 a2200169 4500 |
| 003 - CONTROL NUMBER IDENTIFIER | |
| control field | Nust |
| 005 - DATE AND TIME OF LATEST TRANSACTION | |
| control field | 20221014110935.0 |
| 040 ## - CATALOGING SOURCE | |
| Transcribing agency | Nust |
| 082 ## - DEWEY DECIMAL CLASSIFICATION NUMBER | |
| Classification number | 604.2,WAL |
| 100 ## - MAIN ENTRY--PERSONAL NAME | |
| Personal name | Walraven, H. Dale. |
| 9 (RLIN) | 100296 |
| 245 ## - TITLE STATEMENT | |
| Title | A handbook of engineering graphics / |
| Statement of responsibility, etc. | H. Dale Walraven. |
| 260 ## - PUBLICATION, DISTRIBUTION, ETC. | |
| Place of publication, distribution, etc. | Bloomington, Ill., |
| Name of publisher, distributor, etc. | McKnight & McKnight |
| Date of publication, distribution, etc. | 1965 |
| 300 ## - PHYSICAL DESCRIPTION | |
| Extent | 252 p. illus. |
| Other physical details | 24 cm. |
| 505 ## - FORMATTED CONTENTS NOTE | |
| Formatted contents note | Drawing forms and General Information (Page-15), Lettering (Page-19), Line Work and Drawing Instruments (Page-29), Geometrical Constructions (Page-49),Projections (Page-61),Sectioning (Page-70), Screw Threads and Fasteners (Page-77), Auxiliary Projection (Page-87), Axonometric Projections (Page-93), Oblique Projection (Page-99), Dimensioning and Notes (Page-103), Limits, Tolerance and Files (Page-118), Graphical Representation for Welding (Page-140), Charts and Diagrams (Page-147), Hoe to Use The Slide Rule (Page-156). |
| 650 ## - SUBJECT ADDED ENTRY--TOPICAL TERM | |
| Topical term or geographic name entry element | engineering graphics |
| 9 (RLIN) | 7938 |
| 942 ## - ADDED ENTRY ELEMENTS (KOHA) | |
| Source of classification or shelving scheme | |
| Koha item type | Book |
| Withdrawn status | Lost status | Source of classification or shelving scheme | Damaged status | Not for loan | Permanent Location | Current Location | Shelving location | Date acquired | Full call number | Barcode | Date last seen | Price effective from | Koha item type | Public note |
|---|---|---|---|---|---|---|---|---|---|---|---|---|---|---|
| Military College of Signals (MCS) | Military College of Signals (MCS) | General Stacks | 12/12/2016 | 604.2,WAL | MCS21206 | 12/08/2016 | 12/12/2016 | Book | Almirah No.26, Shelf No.2 |
